000 00306nam a22001337a 4500
008 170403b xxu||||| |||| 00| 0 eng d
020 _a0442279213
041 _aeng
080 _a574
100 _a9
101 _aSHM
245 _aECOLOGY AND THE QUALITY OUR ENMRONMENT
_cSOUTHWICK.CH.H
942 _2udc
_cBK
999 _c9548
_d9548